000 00432nam a2200181Ia 4500
008 210210b1946 xxu||||| |||| 00| 0 eng d
041 _aeng
082 _a791/27
100 _aHONE (B W)
245 _aCricket practice and tactics
260 _aLondon
_bEdward Arnold & Co.
_c1946
650 _atactics
650 _apractice
650 _aCricket
650 _aand
690 _aAthletic & Outdoor Sports
906 _a011073
999 _c139181
_d139181